00337 2200145 4500001002100000005001500021035002000036245004100056100001800097300001100115260003100126082000800157084001400165990001200179INLIS00000000000199320250527082929 a0010-05250002851 acrick, watson & DNA /cpaul stratern0 apaul stratern a97 hlm ajakarta :bErlangga,c2003 a500 a500 PAU c a0713099